000
00315nam a22001457a 4500
008
221220b ||||| |||| 00| 0 eng d
020
_a
9782820200006
041
_a
eng
080
_a
721
082
_a
721
100
_a
20.2
101
_a
NDERT
245
_a
CAMERON HYDRAULIC DATA
_c
FLOWSERVE
942
_2
udc
_c
BK
999
_c
59214
_d
59214